แสดงรายละเอียดบรรณานุกรม
  กลับหน้าหลัก

Brief Record : Get Marc (ISO 2709) : E-mail record : QR code ปิดหน้าต่าง
สารบัญ Review โดย
ใช้งานได้ทุกระบบ
ห้องสมุด วพบ.ขอนแก่น
ใช้งานได้ทุกระบบ เมื่อ11/มกราคม/2558
  • บทที่ 1 การพยาบาลหญิงมีครรภ์ที่มีภาวะความดันโลหิตสูง
  • บทที่ 2 การพยาบาลหญิงมีครรภ์ที่เป็นโรคเบาหวาน
  • บทที่ 3 การพยาบาลหญิงมีครรภ์ที่เป็นโรคหัวใจ
  • บทที่ 4 การพยาบาลหญิงมีครรภ์ที่มีภาวะเลือดจาง
  • บทที่ 5 การพยาบาลหญิงมีครรภ์ที่การติดเชื้อทางเพศสัมพันธ์
  • บทที่ 6 การพยาบาลหญิงมีครรภ์ที่มีภาวะตกเลือด
  • บทที่ 7 การพยาบาลหญิงมีครรภ์ที่ภาวะผิดปกติอื่นๆ

E-books : เกี่ยวกับ Collections
LEADER 00000nama 2200000uu 4500
001    200062
003     ULIBM
008    040531s|||| th m m a000 0 tha d
020    ^a9746577646
041    tha
050    WY157 ท756พ 2548
100    เทียมศร ทองสวัสดิ์.
245    การพยาบาลหญิงมีครรภ์ที่มีภาวะแทรกซ้อน/เทียมศร ทองสวัสดิ์.
250    พิมพ์ครั้งที่ 2 (ฉบับปรับปรุง).
260    โครงการตำรา คณะพยาบาลศาสตร์ มหาวิทยาลัยเชียงใหม่. เชียงใหม่. 2548.
300    184 หน้า.
600    I.มหาวิทยาลัยเชียงใหม่ คณะพยาบาลศาสตร์ โครงการตำรา.
650    1.การพยาบาลสูติศาสตร์ 2.ครรภ์ 3.ภาวะแทรกซ้อนระหว่างมีครรภ์--การพยาบาล.
995    001
999    ^aใช้งานได้ทุกระบบ
รายการนี้ยังไม่มีแท็ก
คุณยังไม่ได้ล็อกอิน คุณสามารถมีกิจกรรมร่วมกับเว็บไซต์ได้ แต่ต้องล็อกอินก่อน ::
  ล็อกอิน
ลำดับที่ ประเภท เลขเรียก สถานที่ สถานะ
1. หนังสือทั่วไป
หนังสือทั่วไป
สถานะ=หายและจ่ายแล้ว
WY157 ท756พ 2548  
  
หนังสือทั่วไป On Shelf
  ขอยืม
2. หนังสือทั่วไป
หนังสือทั่วไป
WY157 ท756พ 2548  
  
หนังสือทั่วไป On Shelf
  ขอยืม
   [แสดง 2/2 รายการ]

BibComment


ยังไม่เคยถูกคอมเมนท์

คอมเมนท์ทรัพยากรรายการนี้
  คอมเมนท์: การพยาบาลหญิงมีคร..
Bib 200062

 
 
 

 Union Library Management : ULibM
Copyright 2026. All Rights Reserved.
скачать бесплатно без регистрации порно красивый секс HD Sex Hindi sex

xxx gou

xxxx

bfxxx

xxxwww

Секса Видео

xxxx

Секса Видео

detube

geilexxx

C99 Shell

worms shell

blod xxx video
Ebony Coed Rihanna Rimes Takes A Dick In Her Young Twat priyaa indian fuck anal and pusssy hardcore indian women xxx desi hardcore fucking part 1 bengalixxxcouple